Structural And Phase Composition Of Fullerene Films Deposited By High-Power Ion Beams; Bulletin of the Russian Academy of Sciences. Physics; Vol. 72, № 7

מידע ביבליוגרפי
Parent link:Bulletin of the Russian Academy of Sciences. Physics
Vol. 72, № 7.— 2008.— P. 992-995
מחברים אחרים: Struts V. K., Matvienko V. M., Petrov A. V., Ryabchikov A. I. Aleksandr Ilyich, Usov Y. P. Yuri Petrovich, Renk T. J.
סיכום:В фонде НТБ ТПУ отсутствует
שפה:אנגלית
יצא לאור: 2008
נושאים:
פורמט: MixedMaterials Book Chapter
KOHA link:https://koha.lib.tpu.ru/cgi-bin/koha/opac-detail.pl?biblionumber=597223

MARC

LEADER 00000naa0a2200000 4500
001 597223
005 20250203162550.0
035 |a (RuTPU)RU\TPU\tpu\20411 
035 |a RU\TPU\tpu\20410 
090 |a 597223 
100 |a 20111216d2008 k||y0rusy50 ba 
101 0 |a eng 
102 |a RU 
200 1 |a Structural And Phase Composition Of Fullerene Films Deposited By High-Power Ion Beams  |f V. K. Struts [et al.] 
333 |a В фонде НТБ ТПУ отсутствует 
461 |t Bulletin of the Russian Academy of Sciences. Physics 
463 |t Vol. 72, № 7  |v P. 992-995  |d 2008 
610 1 |a труды учёных ТПУ 
701 1 |a Struts  |b V. K. 
701 1 |a Matvienko  |b V. M. 
701 1 |a Petrov  |b A. V. 
701 1 |a Ryabchikov  |b A. I.  |c Professor of Tomsk Polytechnic University, Doctor of physical and mathematical sciences  |c physicist  |f 1950-  |g Aleksandr Ilyich  |3 (RuTPU)RU\TPU\pers\30912 
701 1 |a Usov  |b Y. P.  |c Professor of Tomsk Polytechnic University, Electrical engineer, Doctor of Technical Sciences  |f 1937-  |g Yuri Petrovich  |3 (RuTPU)RU\TPU\pers\28977 
701 1 |a Renk  |b T. J. 
801 0 |a RU  |b 63413507  |c 20011210  |g PSBO 
801 2 |a RU  |b 63413507  |c 20130604  |g PSBO 
942 |c CR